Statistics for Biggest Cities in South Dakota

Click here to take the quiz!

General Stats

  • This quiz has been taken 1,785 times
    (1,206 since last reset)
  • The average score is 9 of 20

Answer Stats

PopulationCity% Correct
181,883Sioux Falls
96%
13,980Pierre
92%
75,443Rapid City
85%
28,562Aberdeen
64%
24,509Brookings
54%
15,680Mitchell
53%
22,153Watertown
52%
14,700Yankton
51%
10,801Vermillion
48%
6,943Sturgis
46%
11,688Spearfish
43%
13,696Huron
39%
7,437Madison
30%
5,624Tea
30%
10,094Brandon
28%
6,526Harrisburg
26%
3,540Mobridge
23%
5,602Belle Fourche
22%
9,800Box Elder
17%
3,669Dell Rapids
15%

Score Distribution

Percentile by Number Answered

Percent of People with Each Score

Your Score History

You have not taken this quiz since the last reset